Justice without trial : law enforcement in democratic society /

Bibliographic Details
Main Author: Skolnick, Jerome H.
Corporate Author: University of California, Berkeley. Center for the Study of Law and Society
Format: Book
Language:English
Published: New York : Wiley, [1966]
Subjects:

MARC

Tag First Indicator Second Indicator Subfields
LEADER 00000cam a22000001 4500
001 in00000054109
005 20151008051425.0
008 711013s1966 nyu b 00110 eng
010 |a  66017613  
035 |a (OCoLC)01175611 
035 |9 AAG7797AM 
040 |a DLC  |c DLC  |d TXA  |d UtOrBLW 
043 |a n-us--- 
049 |a TXAM  |c [461948] 
050 0 0 |a LAW 
082 0 |a 363.2 
090 |a KF9223  |b .S54 1966 
092 |a 363.2  |b S628j 
100 1 |a Skolnick, Jerome H. 
245 1 0 |a Justice without trial :  |b law enforcement in democratic society /  |c Jerome H. Skolnick. 
264 1 |a New York :  |b Wiley,  |c [1966] 
264 4 |c ©1966 
300 |a xi, 279 pages ;  |c 24 cm. 
336 |a text  |b txt  |2 rdacontent 
337 |a unmediated  |b n  |2 rdamedia 
338 |a volume  |b nc  |2 rdacarrier 
500 |a "From the research program of The Center for the Study of Law and Society"--P. facing title page. 
504 |a Includes bibliographical references and index. 
536 |a Dr. Paul P. Van Riper Collection, Department of Political Science. 
650 0 |a Police  |z United States. 
650 0 |a Law enforcement  |z United States. 
710 2 |a University of California, Berkeley.  |b Center for the Study of Law and Society. 
999 |a MARS 
999 f f |s f71fec39-0f26-3c00-be39-99e153902ec1  |i 34092f03-7657-35c3-9441-6bef8505c919  |t 0 
952 f f |p ric  |a Texas A&M University  |b Rellis Campus  |c Joint Library Facility  |d Remote Storage  |t 0  |e KF9223 .S54 1966  |h Library of Congress classification  |i unmediated -- volume  |m A14800811408 
998 f f |a KF9223 .S54 1966  |t 0  |l Remote Storage